Bienvenue à la Médiathèque de Saint-Andiol
banniere
Accueil Recherche avancée Mon compte
handi1 Rechercher dans le catalogue

Filtre   Mots-clés
  Recherche avancée
 
Lister les dernières nouveautés
 
Lister les livres GROS CARACTERES
 
Lister les périodiques (magazines)

handi1 sorcière (La)

Book Cover
Auteur principal : Camilla Läckberg
Autres auteurs : Rémi Cassaigne
Titre : sorcière (La)
Support : Livres
Langue : Francais
Publié : DL 2017 Actes Sud Arles
Genre : Policier
Collection : Actes noirs
Sujets :
Étiquettes :
Pas de tags
LEADER 02074nam0a2200205 450
001 16868311
010 |a 978-2-330-08614-5  |b br.  |d 24 € 
100 |a 20260520d2026 u u0frey01 ba 
101 1 |a fre  |c swe 
102 |a FR 
200 0 |a sorcière (La)  |f Camilla Läckberg  |g traduit du suédois par Rémi Cassaigne 
207 1 |a   
210 |a Arles  |b 43-47 Rue du docteur Fanton. - Passage du Méjan  |c Actes Sud  |d DL 2017 
215 |a 1 vol. (695 p.)  |d 24 cm 
225 1 |a Actes noirs  |x 1952-2142 
330 |a Une fillette de quatre ans disparaît de la ferme isolée de ses parents. Après une longue battue, Nea est retrouvée nue sous un tronc d’arbre dans la forêt, assassinée. Fait troublant : la fillette se trouvait à l’endroit où, trente ans plus tôt, avait été découvert le corps sans vie de la petite Stella, une fillette du même âge qui habitait la même ferme. À l’époque, deux adolescentes, Marie et Helen, avaient été condamnées pour le meurtre : elles avaient avoué avant de se rétracter. Désormais mariée à un militaire autoritaire et psychopathe, Helen mène une vie recluse, non loin de la ferme, dans l’ombre des crimes passés. La belle Marie, quant à elle, est devenue une star du cinéma à Hollywood ; pour la première fois depuis la tragédie, elle vient de revenir à Fjällbacka pour un tournage. Cette coïncidence et les similitudes entre les deux affaires sont trop importantes pour que Patrik Hedström et son équipe puissent les ignorer, mais ils sont encore loin de se douter des répercussions désastreuses que va avoir leur enquête sur la petite localité. De son côté, Erica Falck écrit un livre sur l’affaire Stella. Une découverte la trouble : juste avant son suicide, le policier responsable de l’enquête à l’époque s’était mis à douter de la culpabilité des deux adolescentes. Pourquoi ? 
700 0 |a Läckberg  |b Camilla  |f 1974-....  |4 70 
702 0 |a Cassaigne  |b Rémi  |f 1971-....  |4 730 
900 |a Policier 
995 |a Médiathèque  |c Médiathèque  |f 089021872  |h 089021872  |k RP LÄC  |o p  |q a  |r az  |e Médiathèque